000 00609nam a2200181Ia 4500
008 100921s9999 xx 000 0 und d
082 _b11742
_a891.462 थ 73
100 _aदेवल गोविंद बल्लाळ.
245 _aसंशयकल्लोळ.
260 _bबलवंत पुस्तक भांडार,मुंबई.
_c1973
300 _a100
_b---
365 _b3
520 _aललित-नाटके.
630 _aसंशयकल्लोळ.
650 _aललित-नाटके.
730 _aसंशयकल्लोळ.
942 _cBOOK
999 _c760855
_d760852